Responses for show #7737 - Tuesday, April 10, 2018

2018 College Championship quarterfinal game 2.

Contestants

[<< previous game]

Jordan Goodson, a senior at Columbia University from McLean, Virginia

Dhruv Gaur, a freshman at Brown University from Gainesville, Georgia

Thatcher Chonka, a sophomore at the University of Oklahoma from Tulsa, Oklahoma

[next game >>]

Jeopardy! Round responses

COLLEGE VOCABULARY
STATES' GEOGRAPHIC CENTERS
RECENT MOVIES
WEIGHTS & MEASURES
PRE-REC
(Alex: Each correct response will be a word from the dictionary that appears before "R-E-C".)
HAMLET
(Jimmy: Clues about the prince of Denmark from his native land.)
    $200 21
Brown

Thatcher
    $200 26
Arkansas

Dhruv
    $200 30
Lara Croft

Dhruv
    $200 23
a barrel

Dhruv
    $200 25
radiators

Triple Stumper
    $200 20
Elsinore

Triple Stumper
    $400 12
Rice

Thatcher
    $400 27
Colorado

Dhruv
    $400 15
split

Dhruv
    $400 24
a decibel

Dhruv
    $400 5
a rebuttal

Thatcher
    $3,000 16
Rosencrantz and Guildenstern

Dhruv
    $600 14
Duke

Dhruv
    $600 9
Michigan

Jordan
    $600 29
War for the Planet of the Apes

Thatcher
    $600 7
a shekel

Jordan
    $600 6
a raptor

Dhruv
    $600 19
Horatio

Triple Stumper
    $800 13
(Jordan: What is Bowdoin?)

Colby

Jordan
Triple Stumper
    $800 28
Arizona

Triple Stumper
    $800 11
Aquaman

Dhruv
    $800 18
a nanometer

Jordan
    $800 3
rebar

Dhruv
    $800 4
"Who's there?"

Dhruv
    $1000 1
a reed

Jordan
    $1000 22
Florida

Dhruv
    $1000 10
(Sam) Rockwell

Jordan
    $1000 17
joule

Thatcher
    $1000 2
reactionary

Thatcher
    $1000 8
(Jordan: Who is Laertes?)

Polonius

DhruvJordan

Scores at the first commercial break (after clue 15):

Thatcher Dhruv Jordan
$1,800 $5,000 $1,400

Scores at the end of the Jeopardy! Round:

Thatcher Dhruv Jordan
$3,600 $10,400 $2,200

Double Jeopardy! Round responses

OWL NIGHTER
ENTERTAINING ERAS
NOBEL PEACE PRIZE WINNERS
B.C.-ING YOU
WORD HISTORY
AP JOURNALISM
    $400 29
ears

Jordan
    $400 30
the '60s

Jordan
    $400 27
a chair

Thatcher
    $400 28
Antony

Dhruv
    $400 5
a nightmare

Dhruv
    $400 25
the byline

Jordan
    $800 10
a screech owl

Dhruv
    $800 13
The Sopranos

Jordan
    $2,800 8
(Alex: United Nations High Commissioner for [*].)

refugees

Dhruv
    $800 23
the Maya

Dhruv
    $800 4
galaxy

Jordan
    $800 24
illegal

Jordan
    $1200 26
(Dhruv: What are cones?)

rods

ThatcherDhruv
    $1200 15
DJ

Dhruv
    $1200 18
Wilson

Dhruv
    $1200 6
the Aeneid

Thatcher
    $1200 1
a hearse

Thatcher
    $1200 22
an anonymous

Dhruv
    $1600 11
the great horned owl

Dhruv
    $1600 9
(Dhruv: What is 8?)
(Thatcher: What is 32?)
(Jordan: What is 4?)

16

ThatcherDhruvJordan
Triple Stumper
    $1600 16
the Quakers

Thatcher
    $1600 7
Confucianism

Dhruv
    $1600 2
accordion

Thatcher
    $1600 20
Tuskegee

Thatcher
    $2000 12
dawn and dusk

Dhruv
    $2000 14
John Hughes

Triple Stumper
    $2000 17
Burma

Thatcher
    $1,200 19
Herodotus

Dhruv
    $2000 3
(Thatcher: What is normal?)

average

Thatcher
Triple Stumper
    $2000 21
correction

Jordan

Scores at the end of the Double Jeopardy! Round:

Thatcher Dhruv Jordan
$10,800 $22,800 $6,200
(lock game)

Final Jeopardy! Round responses

U.S. CABINET DEPARTMENTS
JordanWhat is Dept. of Energy
$6,199
ThatcherWhat is Department of Energy
$10,799
DhruvWhat is the Department of Energy?
$512
the Department of Energy

Final scores:

Thatcher Dhruv Jordan
$21,599 $23,312 $12,399
2nd place: $5,000 if eliminated Automatic semifinalist 3rd place: $5,000 if eliminated

Game dynamics:

Coryat scores:

Thatcher Dhruv Jordan
$10,800 $19,000 $6,200
14 R,
2 W
26 R
(including 3 DDs),
2 W
12 R,
3 W

Combined Coryat: $36,000

The J! Archive is created by fans, for fans. The Jeopardy! game show and all elements thereof, including but not limited to copyright and trademark thereto, are the property of Jeopardy Productions, Inc. and are protected under law. This website is not affiliated with, sponsored by, or operated by Jeopardy Productions, Inc. Join the discussion at JBoard.tv.